| 000 | 00505nam a2200217Ia 4500 | ||
|---|---|---|---|
| 008 | 170918s9999 xx 000 0 und d | ||
| 020 | _a9780439629072 | ||
| 050 | _bB478 2005 | ||
| 100 | _aBenton, Jim | ||
| 245 | _aAm I the princess or the frog? / | ||
| 245 | _cby Jim Benton. | ||
| 260 | _aNew York : | ||
| 260 | _bScholastic, | ||
| 260 | _c2005 | ||
| 300 | _a148 pages : | ||
| 300 | _billustrations ; | ||
| 300 | _c19cm. | ||
| 300 | _eDear dumb diary ; | ||
| 440 | _a3 | ||
| 500 | _a1040 | ||
| 999 |
_c344375 _d344375 |
||